|
|
|
|
| LEADER |
00000naa0a2200000 4500 |
| 001 |
593556 |
| 005 |
20250606134619.0 |
| 035 |
|
|
|a (RuTPU)RU\TPU\tpu\7048
|
| 090 |
|
|
|a 593556
|
| 100 |
|
|
|a 20011210d1962 k||y0rusy50 ca
|
| 101 |
0 |
|
|a rus
|
| 102 |
|
|
|a RU
|
| 200 |
1 |
|
|a Реакционная способность органических сульфидов в реакциях деструкции полисульфидных связей латекса полихлоропренового каучука
|f В. Д. Богословский
|
| 463 |
|
|
|t Материалы десятой научной конференции профессорско-преподавательского состава Киргизского государственного университета (Секция химии)
|v С. 19
|d 1962
|
| 610 |
1 |
|
|a химическая промышленность
|
| 610 |
1 |
|
|a труды учёных ТПУ
|
| 700 |
|
1 |
|a Богословский
|b В. Д.
|
| 801 |
|
0 |
|a RU
|b 63413507
|c 20011210
|g PSBO
|
| 801 |
|
2 |
|a RU
|b 63413507
|c 20090326
|g PSBO
|
| 850 |
|
|
|a 63413507
|
| 942 |
|
|
|c BK
|